Faculty of Law Library — Cairo University

Official Online Catalog

الموسوعة الماسية فى التشريعات الجنائية الخاصة. (Record no. 73316)

MARC details
000 -LEADER
fixed length control field 02436nam a2200373 i 4500
003 - CONTROL NUMBER IDENTIFIER
control field EG-GICUC
005 - DATE AND TIME OF LATEST TRANSACTION
control field 20260425105012.0
008 - FIXED-LENGTH DATA ELEMENTS--GENERAL INFORMATION
fixed length control field 260425s2010 ua |||fr|||| 00| 0 Ara d
017 ## - COPYRIGHT OR LEGAL DEPOSIT NUMBER
Copyright or legal deposit number 33211/2007
040 ## - CATALOGING SOURCE
Original cataloging agency EG-GICUC
Language of cataloging ara
Transcribing agency EG-GICUC
Modifying agency EG-GICUC
Description conventions rda
041 0# - LANGUAGE CODE
Language code of text/sound track or separate title Ara
082 04 - DEWEY DECIMAL CLASSIFICATION NUMBER
Edition number 21
Classification number 343.4
Item number ص ب . م
092 04 - LOCALLY ASSIGNED DEWEY CALL NUMBER (OCLC)
Edition number 21
099 ## - LOCAL FREE-TEXT CALL NUMBER (OCLC)
Classification number Law1 10 343.4 ص ب . م 2010
100 0# - MAIN ENTRY--PERSONAL NAME
Personal name صبرى محمود الراعى
Relator term مؤلف.
245 12 - TITLE STATEMENT
Title الموسوعة الماسية فى التشريعات الجنائية الخاصة.
Number of part/section of a work المجلد الأول،
Name of part/section of a work المحاكم الجنائية الاقتصادية - الوزن والقياس والكيل - مكافحة غسل الأموال - الإحصاء والتعداد - مراقبة الأغذية وتنظيم تداولها - محال بيع العاديات والسلع السياحية -تنظيم أعمال الوكالة التجارية وبعض أعمال الوساطة - المحاسبة الحكومية - تنظيم الإعفاءات الجمركية - تنظيم تجارة الأدوية - قمع التدليس والغش - حماية المستهلك - تنظيم البورصة وهيئة سوق رأس المال - - الثروة السمكية - تنمية التصدير - إنشاء وتنظيم الجهاز المركزي للتعبئة العامة والإحصاء /
Statement of responsibility, etc. تأليف مستشار صبرى محمود الراعى، د / إبراهيم الياس، أ / سعيد عبدالخالق، أ /حسين الجمال، أ / حمدى خليفة.
250 ## - EDITION STATEMENT
Edition statement الطبعة الأولى
264 #1 - PRODUCTION, PUBLICATION, DISTRIBUTION, MANUFACTURE, AND COPYRIGHT NOTICE
Place of production, publication, distribution, manufacture القاهرة :
Name of producer, publisher, distributor, manufacturer إيجيت للإصدارات القانونية والبرمجيات القانونية،
Date of production, publication, distribution, manufacture, or copyright notice 2010.
300 ## - PHYSICAL DESCRIPTION
Extent 601 ؛صفحة
Dimensions 24 سم.
336 ## - CONTENT TYPE
Source rda content
Content type term text
337 ## - MEDIA TYPE
Source rda media
Media type term Computer
338 ## - CARRIER TYPE
Source rda carrier
Carrier type term Online Resource
546 ## - LANGUAGE NOTE
Language note النص باللغة العربية
650 1# - SUBJECT ADDED ENTRY--TOPICAL TERM
Topical term or geographic name entry element التشريعات الجنائية الخاصة
Source of heading or term qrmak
650 1# - SUBJECT ADDED ENTRY--TOPICAL TERM
Topical term or geographic name entry element القانون الجنائى
Source of heading or term qrmak
651 1# - SUBJECT ADDED ENTRY--GEOGRAPHIC NAME
Source of heading or term qrmak
700 0# - ADDED ENTRY--PERSONAL NAME
Personal name إبراهيم الياس
Relator term مؤلف مشارك.
700 0# - ADDED ENTRY--PERSONAL NAME
Personal name سعيد عبدالخالق
Relator term مؤلف مشارك.
700 0# - ADDED ENTRY--PERSONAL NAME
Personal name حسين الجمال
Relator term مؤلف مشارك.
700 0# - ADDED ENTRY--PERSONAL NAME
Personal name حمدى خليفة
Relator term مؤلف مشارك.
856 40 - ELECTRONIC LOCATION AND ACCESS
Uniform Resource Identifier <a href="https://fll.law.cu.edu.eg/fulltext/bks/B10-10773.pdf">https://fll.law.cu.edu.eg/fulltext/bks/B10-10773.pdf</a>
905 ## - Cataloger and Reviser Names
Cataloger Name: Yasmin Sayed
942 ## - ADDED ENTRY ELEMENTS (KOHA)
Source of classification or shelving scheme Dewey Decimal Classification
Koha item type Books
Edition 21
Suppress in OPAC No
Holdings
Withdrawn status Lost status Source of classification or shelving scheme Damaged status Not for loan Collection Home library Current library Date acquired Total checkouts Full call number Barcode Date last seen Copy number Price effective from Koha item type
    Dewey Decimal Classification   Not for loan القانون الجنائي جــــامعة القــاهرة مكتبة كلية الحقوق - المبنى الرئيسي 25.04.2026   Law1 10 343.4 1 ed - ص ب . م2010 1010773 V1, C1 B10-10773 25.04.2026 1 25.04.2026 Books

© All rights reserved — Faculty of Law, Cairo University